| 000 | 00645nam a22002177a 4500 | ||
|---|---|---|---|
| 999 |
_c17857 _d17857 |
||
| 003 | AR-CdUCM | ||
| 008 | 190509b ||||| |||| 00| 0 spa d | ||
| 040 |
_aMUNICIPALIDAD PROVINCIAL DEL CUSCO _cBIBLIOTECA MUNICIPAL DEL CUSCO |
||
| 082 |
_a869.508 / _bS57 |
||
| 245 | _aDos siglos de ensayistas puneƱos / | ||
| 260 |
_aLima : _bEdit. Universo, _c1987. |
||
| 300 |
_a132 paginas ; _c20 cm. |
||
| 505 | _aContenido :Ensayos / | ||
| 650 |
_aEnsayos peruanos _9233 |
||
| 650 |
_aLiteratura peruana _9169 |
||
| 650 |
_aPuno _93897 |
||
| 650 |
_aSiglo XX _98 |
||
| 650 |
_aColecciones _9607 |
||
| 942 |
_2ddc _cLIBROS |
||
| 945 |
_arjall _d2019-05-09 |
||